Más allá de la reingeniería: tácticas de supervivencia para el siglo XXI

Đã lưu trong:
Chi tiết về thư mục
Nhiều tác giả của công ty: Quality Resources - The Kraus Organization White Plains (Tác giả), Industrial Engineering and Management Press. Institute of Industrial Engineers (Tác giả)
Định dạng: Sách
Ngôn ngữ:Tiếng Tây Ban Nha
Được phát hành: Ciudad de México Compañia Editorial Continental 1996
Phiên bản:1a. ed
Những chủ đề:
Các nhãn: Thêm thẻ
Không có thẻ, Là người đầu tiên thẻ bản ghi này!

MARC

LEADER 00000cam a2200000 a 4500
001 UCD2878
003 CL-VaPUC
008 160512e19960000mx |||||||||||||||||spa|d
020 |a 9682612764 
082 0 4 |a 658.406  |b QUA  |2 21 
110 2 |a Quality Resources - The Kraus Organization White Plains  |e author  |9 586270 
710 2 |a Industrial Engineering and Management Press. Institute of Industrial Engineers  |e author  |9 586271 
245 1 0 |a Más allá de la reingeniería: tácticas de supervivencia para el siglo XXI 
250 |a 1a. ed 
300 |a 251 p 
942 |c BK 
945 |d 20160512 21:36:00  |a arojas 
260 |a Ciudad de México  |b Compañia Editorial Continental  |c 1996 
650 0 |a Reingeniería   |9 344366 
650 0 |a Cambio organizacional   |9 260741 
650 0 |a Reorganización de corporaciones  |9 329243 
583 |a last modification  |c 20160817 04:06:02  |k Rodrigo Vera 
999 |c 363988  |d 363986 
952 |0 0  |1 0  |3 erd  |4 0  |6 658_406000000000000_QUA_1996  |7 0  |8 A  |9 476880  |a BIBING  |b BIBING  |i 5285569  |o 658.406 QUA 1996  |p 5285569  |r 2025-01-20  |w 2019-11-24  |y BK  |z Catalogado en:20160512  |k EII